000 00518nam a2200205Ia 4500
005 20250923144726.0
008 008 250917s9999 xx 000 0 eng d
037 _aTextual
040 _aDSWL
_beng
_cDSWL
041 _aeng
_2eng
084 _aL
_qDSWL
100 _aField, M.J.
_9827785
245 0 _aSearch for security
_cby M.J. Field
260 _aLondon
_bFaber & Faber
_c1960
300 _a478p.
365 _aINR
_b42
925 _g42
942 _cTEXL
_hL
999 _c1442544
_d1442544